| 000 | 00486nam a22001697a 4500 | ||
|---|---|---|---|
| 003 | OSt | ||
| 005 | 20220916190350.0 | ||
| 008 | 220916b |||||||| |||| 00| 0 eng d | ||
| 020 | _a2-87900-579-5 | ||
| 040 | _cBiblioteca Lado V | ||
| 082 |
_a779 _bG249d |
||
| 100 | _aGasparini, Paolo | ||
| 245 | _aDe l'adversite, nous vivons/ | ||
| 260 |
_aParis _bMusee d'Art Moderne de la Ville de Paris _c2001 |
||
| 300 |
_a120p. _c20x30cm |
||
| 942 |
_2ddc _c1 _h779 _iG249d _n0 |
||
| 999 |
_c2070 _d2070 |
||